Statistics for Video Games by a Clue

Click here to take the quiz!

General Stats

  • This quiz has been taken 63 times
  • The average score is 5 of 15

Answer Stats

HintAnswer% Correct
Finish Him!Mortal Kombat
87%
The Cake is a LiePortal
87%
Angry God wanting VengeanceGod of War
55%
Hack EverythingWatch Dogs
51%
HES ON FIRE!NBA JAM
45%
Would you KindlyBioshock
30%
Cause ChoasJust Cause
26%
Objection!Ace Attorney
25%
Rescue all 4 PrincessesCastle Crashers
11%
Protecting a National ParkFirewatch
9%
"Cya later like a doughnut Carl"Grand Theft Auto San Andreas
8%
I Trusted You Tommy...Grand Theft Auto Vice City
8%
Escape from JailThe Escapists
6%
Save the directorJazzpunk
2%
"Welcome to Space Nigel, you know what to do"Surgeon Simulator
2%

Score Distribution

Percentile by Number Answered

Percent of People with Each Score

Your Score History

You have not taken this quiz